Pilotos que venceram na F1 - Statistics

Estatísticas Gerais
  • Esse quiz foi jogado 46 vezes
  • A pontuação média é 33 de 115
Estatísticas das Respostas
Número de Vitórias Nacionalidade Resposta % Correto
105 ENG Lewis Hamilton
100%
41 BRA Ayrton Senna
94%
65 NED Max Verstappen
94%
91 GER Michael Schumacher
94%
53 GER Sebastian Vettel
88%
51 FRA Alain Prost
85%
32 ESP Fernando Alonso
85%
11 BRA Felipe Massa
76%
23 BRA Nelson Piquet
76%
25 AUT Niki Lauda
76%
11 BRA Rubens Barrichello
70%
14 BRA Emerson Fittipaldi
67%
21 FIN Kimi Raikkonen
67%
8 ENG Lando Norris
67%
8 AUS Oscar Piastri
67%
8 MOC Charles Leclerc
64%
23 GER Nico Rosberg
64%
20 FIN Mika Hakkinen
61%
24 ARG Juan Manuel Fangio
58%
8 AUS Daniel Ricciardo
55%
11 CAN Jacques Villeneuve
55%
31 ENG Nigel Mansell
55%
6 MEX Sérgio Perez
55%
22 ENG Damon Hill
52%
4 ENG George Russel
52%
1 FRA Esteban Ocon
48%
6 CAN Gilles Villeneuve
48%
5 FIN Keke Rosberg
48%
12 USA Mario Andretti
48%
9 AUS Mark Webber
48%
1 FRA Pierre Gasly
48%
13 ITA Alberto Ascari
45%
15 ENG Jenson Button
45%
10 FIN Valtteri Bottas
45%
4 ESP Carlos Sainz
42%
7 COL Juan Pablo Montoya
42%
6 GER Ralf Schumacher
42%
1 POL Robert Kubica
42%
27 ENG Jackie Stewart
39%
10 ENG James Hunt
39%
25 ENG Jim Clark
39%
12 AUS Alan Jones
33%
5 ITA Giuseppe Farina
33%
14 ENG Graham Hill
33%
6 AUT Jochen Rindt
33%
1 BRA José Carlos Pace
33%
1 VEN Pastor Maldonado
33%
3 USA Phil Hill
33%
14 ENG Jack Brabham
30%
10 SAF Jody Scheckter
30%
13 SCO David Coulthard
27%
4 IRE Eddie Irvine
21%
3 ITA Giancarlo Fisichella
21%
6 ENG John Surtees
21%
5 ITA Michele Alboreto
21%
3 ENG Mike Hawthorn
21%
16 ENG Stirling Moss
21%
12 ARG Carlos Reutemann
18%
1 FIN Heikki Kovalainen
18%
8 AUS Denny Hulme
15%
1 FRA François Cevert
15%
8 BEL Jacky Ickx
15%
1 FRA Jean Alesi
15%
1 FRA Olivier Panis
15%
10 SWE Ronnie Peterson
15%
1 ITA Jarno Trulli
12%
6 ITA Riccardo Patrese
12%
4 AUS Bruce McLaren
9%
5 SWI Clay Regazzoni
9%
3 FRA Didier Pironi
9%
3 GER Heinz-Harald Frentzen
9%
6 FRA Jacques Laffite
9%
2 FRA Patrick Tambay
9%
2 MEX Pedro Rodriguez
9%
7 FRA Renê Arnoux
9%
2 GER Wolfgang von Tripps
9%
1 ITA Alessandro Nanini
6%
10 GER Gerhardt Berger
6%
2 FRA Jean-Pierre Jabouille
6%
1 GER Jochen Mass
6%
5 ENG John Watson
6%
2 SWI Jo Siffert
6%
1 ITA Luigi Musso
6%
2 FRA Patrick Depailler
6%
3 ENG Peter Collins
6%
2 USA Peter Revson
6%
3 BEL Thierry Boutsen
6%
1 ITA Vittorio Brambilla
6%
2 USA Bill Vukovic
3%
1 USA Bob Sweikert
3%
4 USA Dan Gurney
3%
2 ITA Elio de Angelis
3%
1 ITA Giancarlo Baghetti
3%
1 SWE Gunnar Nilsson
3%
1 ENG Innes Ireland
3%
1 FRA Jean-Pierre Beltoise
3%
1 USA Jimmy Brian
3%
1 USA Jim Rathmann
3%
1 SWE Jo Bonnier
3%
1 USA Johnnie Parsons
3%
3 ENG Johnny Herbert
3%
2 ARG José Froilan Gonzales
3%
1 USA Lee Wallard
3%
1 ITA Lorenzo Bandini
3%
1 ITA Ludovico Scarfiotti
3%
1 ITA Luigi Fagioli
3%
2 FRA Maurice Trintignan
3%
1 USA Pat Flaherty
3%
1 ENG Peter Gethin
3%
1 ITA Piero Taruffi
3%
1 USA Richie Ginther
3%
1 USA Rodger Ward
3%
1 USA Sam Hanks
3%
6 ENG Tony Brooks
3%
1 USA Troy Ruttman
3%
Nenhum quiz correspondente encontrado
Distribuição das Pontuações
Porcentagem de Pessoas com Cada Pontuação
Percentil de Números Respondidos
Sua Pontuação Histórica
Você não jogou esse quiz